000 00289nam a22001337a 4500
008 181031b xxu||||| |||| 00| 0 eng d
020 _a9780397510917
041 _aeng
080 _22nd
_a575
100 _a5
101 _aBIO
245 _aBiochemistry
_cChampe,P.C
942 _2udc
_cBK
999 _c51215
_d51215